000 00388nam a2200145Ia 4500
008 230312s9999||||xx |||||||||||||| ||und||
020 _a9781285099217
082 _a005.756
_bADA-N
100 _aSeries,Illustrated
245 0 _aMicrosoft Office 365 Excel 2016 : comprehensive
260 _bCengage
_aUSA
_c2014
300 _a496
650 _aComputer
_vDatabase management
942 _cBK
999 _c17407
_d17407